Normal view
MARC view
- Bau, David
Entry Personal Name
001 - CONTROL NUMBER
- control field: 35600
003 - CONTROL NUMBER IDENTIFIER
- control field: NUST
005 - DATE AND TIME OF LATEST TRANSACTION
- control field: 20210112160339.0
008 - FIXED-LENGTH DATA ELEMENTS
- fixed length control field: 210112|| aca||aabn | a|a d
040 ## - CATALOGING SOURCE
- Original cataloging agency: NUST
- Transcribing agency: NUST
100 ## - HEADING--PERSONAL NAME
- Personal name: Bau, David
670 ## - SOURCE DATA FOUND
- Source citation: Work cat.: (NUST)0: Trefethen, Lloyd N. (Lloyd Nicholas) 35597, Numerical Linear Algebra , 1997.
